00976cam a2200265 a 4500001000800000005001700008008004100025010001700066020001500083040001800098043001200116050002100128100002000149245009700169260011400266300003500380500002000415504003000435600004800465610003700513650004300550650004000593700002600633710005100659147849420170203125836.0870923s1988 ctua b 001 0beng  a 87026114  a0300041837 aDLCcDLCdDLC ae-uk---00aN1090b.O94 19881 aOwen, Felicity.10aCollector of genius :ba life of Sir George Beaumont /cFelicity Owen & David Blayney Brown. aNew Haven :bPublished for the Paul Mellon Centre for Studies in British Art by Yale University Press,c1988. aviii, 248 p. :bill. ;c27 cm. aIncludes index. aBibliography: p. 235-236.10aBeaumont, George Howland,cSir,d1753-1827.20aNational Gallery (Great Britain) 0aArt patronszGreat BritainxBiography. 0aNobilityzGreat BritainxBiography.1 aBrown, David Blayney.2 aPaul Mellon Centre for Studies in British Art.